Devine le pays grâce au drapeau de l'empire. - Statistiques

Statistiques générales
  • Ce quiz a été pris 324 fois
    290 depuis la dernière actualisation
  • Le résultat moyen est 12 sur 16
Statistiques - réponses
Par images Réponse % Correct
Royaume-Uni
96%
France
89%
Italie
89%
Allemagne
88%
Mexique
88%
Chine
86%
Japon
84%
Autriche
81%
Portugal
81%
Turquie
77%
Espagne
75%
Russie
71%
Mongolie
67%
Autriche-Hongrie
61%
Macedoine
58%
Arménie
16%
Aucun quiz correspondant
Distribution des résultats
% des personnes avec chaque résultat
Percentile par nombre de réponses
Votre historique - résultats
Vous n’avez pas pris ce quiz depuis la dernière actualisation